[Event "AUTO-OPEN-3967"]
[Site "http://www.queenalice.com/game.php?id=1539496"]
[Date "2018.8.20"]
[Round "1"]
[White "pizzaiolo72"]
[Black "yvanalfieri2018"]
[Result "1-0"]
[WhiteElo "2092"]
[BlackElo "1500"]

1. e4 c6 2. d4 d5 3. e5 Bf5 4. c4 e6 5. Nc3 Ne7 6. cxd5 Nxd5 7. Bd3 Bxd3 8. Qxd3
Nb4 9. Qe2 Qxd4 10. Nf3 Nd3+ 11. Kf1 Qc4 12. Nd2 Qa6 13. Nb3 Nxe5 14. Bf4 Qxe2+
15. Kxe2 Nbd7 16. Rhd1 O-O-O 17. Rac1 Be7 18. Nb5 a6 19. Nd6+ Bxd6 20. Rxd6 Kc7
21. Rcd1 f6 22. Bxe5 Nxe5 23. Rxe6 1-0

[Event "AUTO-OPEN-3967"]
[Site "http://www.queenalice.com/game.php?id=1539497"]
[Date "2018.8.20"]
[Round "1"]
[White "yvanalfieri2018"]
[Black "pizzaiolo72"]
[Result "1-0"]
[WhiteElo "1500"]
[BlackElo "2109"]

1. e4 Nf6 2. e5 Nd5 3. d4 d6 4. Nf3 g6 5. Bc4 Nb6 6. Bb3 dxe5 7. Nxe5 e6 8. Qf3
Qe7 9. O-O Bg7 10. Nc3 O-O 11. Ne4 N8d7 12. Bf4 Nd5 13. Rfe1 Nxf4 14. Qxf4 c5
15. Nxd7 Qxd7 16. dxc5 Bxb2 17. Rad1 Qc6 18. c3 f5 19. Ng5 Bxc3 20. Nxe6 Kh8 21.
Nxf8 1-0

[Event "AUTO-OPEN-3967"]
[Site "http://www.queenalice.com/game.php?id=1539522"]
[Date "2018.8.20"]
[Round "1"]
[White "Benigno"]
[Black "yvanalfieri2018"]
[Result "0-1"]
[WhiteElo "1938"]
[BlackElo "1500"]

1. e4 c6 2. d4 d5 3. exd5 cxd5 4. Nf3 Nf6 5. Bd3 Bg4 6. Be3 Nc6 7. c3 Qc7 8.
Nbd2 e6 9. h3 Bh5 10. O-O Be7 11. Qc2 O-O 12. Bg5 Bxf3 13. Nxf3 h6 14. Bd2 Rfc8
15. Qd1 Rab8 16. Re1 b5 17. Qe2 b4 18. a3 bxc3 19. Bxc3 Qb6 20. Ne5 Nxd4 21.
Bxd4 Qxd4 22. Rab1 Bc5 23. b4 Bb6 24. Rbd1 Qf4 25. Kh1 Qxf2 26. Qxf2 Bxf2 27.
Rf1 Bg3 28. Ba6 Bxe5 0-1

[Event "AUTO-OPEN-3967"]
[Site "http://www.queenalice.com/game.php?id=1539538"]
[Date "2018.8.20"]
[Round "1"]
[White "Artking"]
[Black "yvanalfieri2018"]
[Result "1-0"]
[WhiteElo "2085"]
[BlackElo "1500"]

1. e4 c6 2. d4 d5 3. Nc3 dxe4 4. Nxe4 Nd7 5. Nf3 Ngf6 6. Neg5 e6 7. Bc4 h6 8.
Nh3 Bd6 9. Qe2 Qc7 10. Bb3 O-O 11. g4 Nxg4 12. Rg1 Ndf6 13. Ne5 Bxe5 14. dxe5
Qxe5 15. Qxe5 Nxe5 16. Ke2 Ng6 17. Be3 e5 18. Rxg6 Kh7 19. Rxf6 gxf6 20. Ng1 Bf5
21. Nf3 b6 22. Rg1 1-0

[Event "AUTO-OPEN-3967"]
[Site "http://www.queenalice.com/game.php?id=1539539"]
[Date "2018.8.20"]
[Round "1"]
[White "yvanalfieri2018"]
[Black "Artking"]
[Result "0-1"]
[WhiteElo "1500"]
[BlackElo "2083"]

1. e4 c5 2. Nf3 d6 3. d4 cxd4 4. Nxd4 Nf6 5. Nc3 a6 6. Be3 g6 7. f3 Bg7 8. Qd2
Nc6 9. O-O-O O-O 10. g4 Be6 11. h4 h5 12. gxh5 Nxh5 13. Nxe6 fxe6 14. Bh3 Kh7
15. Bxe6 Rxf3 16. Nd5 Ne5 17. Kb1 Nc4 18. Qe2 Rxe3 19. Qxc4 Rf3 20. Rhg1 Qa5 21.
Rg5 b5 22. Qe2 Rf4 0-1

[Event "AUTO-OPEN-3968"]
[Site "http://www.queenalice.com/game.php?id=1539748"]
[Date "2018.8.22"]
[Round "1"]
[White "yvanalfieri2018"]
[Black "Bruscato"]
[Result "0-1"]
[WhiteElo "1412"]
[BlackElo "2371"]

1. e4 c5 2. Nf3 d6 3. d4 cxd4 4. Nxd4 Nf6 5. Nc3 g6 6. Be3 Bg7 7. f3 O-O 8. Qd2
d5 9. e5 Nfd7 10. f4 e6 11. h4 Nc6 0-1

[Event "AUTO-OPEN-3968"]
[Site "http://www.queenalice.com/game.php?id=1539750"]
[Date "2018.8.22"]
[Round "1"]
[White "yvanalfieri2018"]
[Black "Artking"]
[Result "0-1"]
[WhiteElo "1500"]
[BlackElo "2081"]

1. e4 c5 2. Nf3 d6 3. d4 cxd4 4. Nxd4 Nf6 5. Nc3 g6 6. Be3 Bg7 7. f3 Nc6 8. Qd2
Bd7 9. O-O-O O-O 10. h4 h5 11. Bc4 Rc8 12. Bb3 Ne5 13. Bg5 a6 14. Rdg1 b5 15.
Bh6 Nc4 16. Bxc4 Rxc4 17. Bxg7 Kxg7 0-1

[Event "AUTO-OPEN-3968"]
[Site "http://www.queenalice.com/game.php?id=1539751"]
[Date "2018.8.22"]
[Round "1"]
[White "Artking"]
[Black "yvanalfieri2018"]
[Result "0-1"]
[WhiteElo "2092"]
[BlackElo "1500"]

1. Nf3 d5 2. c4 c6 3. d4 Nf6 4. e3 Bf5 5. Nc3 e6 6. Be2 Bd6 7. O-O Nbd7 8. Nh4
Be4 9. f3 Bg6 10. Qe1 Qc7 11. Nxg6 Bxh2+ 12. Kh1 hxg6 13. Qd1 Qg3 14. Re1 Qh4
0-1

[Event "AUTO-OPEN-3969"]
[Site "http://www.queenalice.com/game.php?id=1540098"]
[Date "2018.8.25"]
[Round "1"]
[White "yvanalfieri2018"]
[Black "Pin"]
[Result "0-1"]
[WhiteElo "1412"]
[BlackElo "1921"]

1. e4 c5 2. Nf3 d6 3. d4 cxd4 4. Nxd4 Nf6 5. Nc3 a6 6. Be3 e5 7. Nb3 Be7 8. f3
Be6 9. Qd2 Nbd7 10. O-O-O Rc8 11. g4 Nc5 0-1